| 000 | 00546cam a22001934a 4500 | ||
|---|---|---|---|
| 005 | 20250605164147.0 | ||
| 008 | 250528s ||||||||||||||||||||||||d | ||
| 035 | _a19224 | ||
| 020 | _a6861504 | ||
| 040 |
_aGR-AtMCL _bgre _dGR-AtMCL _eAACR2 |
||
| 245 | 1 | _aKeywords / A Vocabulary of Culture of Society | |
| 260 |
_bFontana Press, _c1988 |
||
| 300 | _a350 | ||
| 520 | _aA unique exploration of the actual language of cultural transformation. | ||
| 700 | 1 |
_aWilliams Raymond _9642 |
|
| 942 | _cBK | ||
| 999 |
_c4490 _d4490 |
||